Sports Quiz

Random Sports or Numbers Quiz

#8 Athletes Quiz Stats

 Plays Quiz Updated Oct 16, 2019

Support Sporcle.
Go Orange.
Score 0/12 Timer 03:00
1 Play Today
Athlete % Correct
Kobe Bryant
96.4%
Steve Young
84.4%
Troy Aikman
83.2%
Cal Ripken Jr
73.2%
Alex Ovechkin
71.5%
Sam Bradford
70%
Yogi Berra
53.3%
Joe Morgan
51.8%
Willie Stargell
49.7%
Carl Yastrzemski
47.2%
Gary Carter
43.7%
Teemu Selanne
26.2%

You're not logged in!

Compare scores with friends on all Sporcle quizzes.
OR
Log In

From the Vault

Movie Posters XVI

by SporcleEXP

As long as none of these movie posters are in 3D, we'll be okay.
Remove Ads.
Support Sporcle.
Get the best of Sporcle when you Go Orange. This ad-free experience offers more features, more stats, and more fun while also helping to support Sporcle. Thank you for becoming a member.

Show Comments

Extras

Top Quizzes Today


Score Distribution

Your Account Isn't Verified!

In order to create a playlist on Sporcle, you need to verify the email address you used during registration. Go to your Sporcle Settings to finish the process.

Report this User

Report this user for behavior that violates our Community Guidelines.

Details: